Vizuálny systém na odometriu mobilného robota

Gespeichert in:
Bibliographische Detailangaben
1. Verfasser: Horváth, Štefan, 1982- (Verfasst von)
Weitere Verfasser: Kľúčik, Marian, 1978- (Betreuung Doktorarbeit)
Format: Manuskript Buch
Sprache:Slowakisch
Veröffentlicht: Bratislava : STU v Bratislave FEI, 2011
Schlagworte:
Online-Zugang:VAIS
Tags: Tag hinzufügen
Keine Tags, Fügen Sie das erste Tag hinzu!

MARC

LEADER 00000ntm a22000003a 4500
001 stu254703
005 20150617230200.8
008 120922s2011----xo------------------slo-d
040 |a STU  |b slo 
041 0 |a slo 
044 |a xo 
100 1 |a Horváth, Štefan,  |d 1982-  |4 aut  |u E  |T FEI Fakulta elektrotechniky a informatiky  |X 30641  |U E  |Y 30  |7 A000030641 
242 0 0 |a Visual system for mobile robot odometry  |y eng 
245 1 |a Vizuálny systém na odometriu mobilného robota 
260 |a Bratislava :  |b STU v Bratislave FEI,  |c 2011 
300 |a 45 s  |c CD-ROOM 
650 7 |a robotics  |2 estusub 
650 7 |a robotics  |2 estusub 
650 7 |a mobilný robot  |2 stusub 
650 7 |a počítačové videnie  |2 stusub 
700 1 |a Kľúčik, Marian,  |d 1978-  |4 ths  |u E010  |T FEI Ústav riadenia a priemyselnej informatiky  |X 10015  |U E010  |Y E010  |7 A000010015 
856 4 |a info a plný text  |u http://is.stuba.sk/zp/portal_zp.pl?podrobnosti=63750  |3 VAIS 
996 |b 284EP10402  |c E*DIPL-10402  |l EE23  |s P  |a 0  |w stu254703_0001